Autobiography of Sir John Rennie, F. R. S, Past President of the Institution of Civil Engineers. Comprising the history of his professional life together with reminiscences dating from the commencement of the century to the present time

Bewaard in:
Bibliografische gegevens
Hoofdauteur: Rennie, F. R. S., Sir John (Auteur)
Formaat: Boek
Taal:Engels
Gepubliceerd in: Londres E. & F. N. Spon, 48 Charing Cross 1875
Editie:1a. ed
Onderwerpen:
Tags: Voeg label toe
Geen labels, Wees de eerste die dit record labelt!

MARC

LEADER 00000nam a2200000 a 4500
001 UCJ4783
003 CL-VaPUC
008 070124e18750900UK |||||||||||||||||eng|d
082 0 4 |a 926  |b REN  |2 21 
100 0 |a Rennie, F. R. S., Sir John  |e author  |9 509105 
245 1 0 |a Autobiography of Sir John Rennie, F. R. S, Past President of the Institution of Civil Engineers. Comprising the history of his professional life together with reminiscences dating from the commencement of the century to the present time  
250 |a 1a. ed 
300 |a viii, 646 p 
942 |c BK 
945 |d 20070124 00:00:00  |a rinostro 
260 |a Londres  |b E. & F. N. Spon, 48 Charing Cross  |c 1875 
500 |a front., retrato de Sir John Rennie, F. R. S. 
650 7 |a BIOGRAFIA  |2 CL-VaPUC  |9 504622 
650 0 |a Iconografía   |9 267998 
650 0 |a Ingenieros  |9 361359 
650 0 |a Ingeniería civil  |9 260076 
650 0 |a Obras públicas  |9 261125 
651 0 |a Inglaterra  |9 255158 
583 |a last modification  |c 20070124 00:00:00  |k Rodrigo Vera 
999 |c 320898  |d 320896 
952 |0 0  |1 0  |4 0  |6 926_000000000000000_REN_1875  |7 0  |8 X  |9 399522  |a FDOBUD  |b FDOBUD  |d 2019-11-22  |i 1025805  |o 926 REN 1875  |p 1025805  |r 2019-11-22  |w 2019-11-22  |y BK_X  |k BUD